Ley 1-12 Estrategía Nacional de Desarrollo 2030 (Record no. 9591)

MARC details
000 -LEADER
campo de control de longitud fija 00412nam a2200133Ia 4500
001 - NÚMERO DE CONTROL
campo de control 2361
008 - DATOS DE LONGITUD FIJA--INFORMACIÓN GENERAL
campo de control de longitud fija 241024s9999 xx 000 0 und d
082 ## - NÚMERO DE LA CLASIFICACIÓN DECIMAL DEWEY
Número de clasificación RD/342/R426l/1-12
100 ## - ENTRADA PRINCIPAL--NOMBRE DE PERSONA
Nombre de persona República Dominicana.Ministerio de Economía, Planificación y Desarrollo
245 #0 - MENCIÓN DEL TÍTULO
Título Ley 1-12 Estrategía Nacional de Desarrollo 2030
260 ## - PUBLICACIÓN, DISTRIBUCIÓN, ETC.
Nombre del editor, distribuidor, etc. Ed. Alfa & Omega
Fecha de publicación, distribución, etc. 2012
901 ## - ELEMENTOS DE DATOS A LOCAL LDA (RLIN)
a 14/8/2012 10:20:47 a.m.

No items available.

© 2024. Todos los Derechos Reservados. Desarrollado por IDEICE